Poverty and economic decision-making (Registro nro. 47569)
[ vista simple ]
| 000 -CABECERA | |
|---|---|
| Longitud fija campo de control | 01300naa a2200325 c 4500 |
| 001 - NÚMERO DE CONTROL | |
| Número de control | 47569 |
| 003 - IDENTIFICADOR DE NÚMERO DE CONTROL | |
| Identificador del número de control | ES-MaCES |
| 005 - FECHA Y HORA DE LA ÚLTIMA TRANSACCIÓN | |
| Fecha y hora de la última transacción | 20160427122939.0 |
| 008 - CAMPO FIJO DE DESCRIPCIÓN FIJA--INFORMACIÓN GENERAL | |
| Códigos de información de longitud fija | 160427s2016 us ||||| t||||||| ||eng d |
| 040 ## - FUENTE DE CATALOGACIÓN | |
| Centro catalogador de origen | ES-MaCES |
| Lengua de catalogación | spa |
| Centro transcriptor | ES-MaCES |
| Centro modificado | ES-MaCES |
| 100 1# - ENCABEZAMIENTO PRINCIPAL--NOMBRE PERSONAL | |
| 9 (RLIN) | 36826 |
| Nombre de persona | Carvalho, Leandro S. |
| 245 10 - MENCIÓN DE TÍTULO | |
| Título | Poverty and economic decision-making |
| Resto del título | : evidence from changes in financial resources at payday |
| Mención de responsabilidad, etc. | Leandro S. Carvalho, Stephan Meier, Stephanie W. Wang |
| 500 ## - NOTA GENERAL | |
| Nota general | Resumen |
| 504 ## - NOTA DE BIBLIOGRAFÍA, ETC. | |
| Nota de bibliografía, etc. | Bibliografía: p. 282-284 |
| 650 #4 - ASIENTO SECUNDARIO DE MATERIA--TÉRMINO DE MATERIA | |
| 9 (RLIN) | 27112 |
| Término de materia o nombre geográfico como elemento inicial | pobreza |
| 650 #4 - ASIENTO SECUNDARIO DE MATERIA--TÉRMINO DE MATERIA | |
| 9 (RLIN) | 27081 |
| Término de materia o nombre geográfico como elemento inicial | condiciones económicas |
| 650 #4 - ASIENTO SECUNDARIO DE MATERIA--TÉRMINO DE MATERIA | |
| 9 (RLIN) | 28133 |
| Término de materia o nombre geográfico como elemento inicial | recursos de capital |
| 650 #4 - ASIENTO SECUNDARIO DE MATERIA--TÉRMINO DE MATERIA | |
| 9 (RLIN) | 30031 |
| Término de materia o nombre geográfico como elemento inicial | ingreso de los hogares |
| 650 #4 - ASIENTO SECUNDARIO DE MATERIA--TÉRMINO DE MATERIA | |
| 9 (RLIN) | 28387 |
| Término de materia o nombre geográfico como elemento inicial | salario |
| 650 #4 - ASIENTO SECUNDARIO DE MATERIA--TÉRMINO DE MATERIA | |
| 9 (RLIN) | 27208 |
| Término de materia o nombre geográfico como elemento inicial | administración financiera |
| 650 #4 - ASIENTO SECUNDARIO DE MATERIA--TÉRMINO DE MATERIA | |
| 9 (RLIN) | 28194 |
| Término de materia o nombre geográfico como elemento inicial | toma de decisiones |
| 650 #4 - ASIENTO SECUNDARIO DE MATERIA--TÉRMINO DE MATERIA | |
| 9 (RLIN) | 28889 |
| Término de materia o nombre geográfico como elemento inicial | análisis estadístico |
| 650 #4 - ASIENTO SECUNDARIO DE MATERIA--TÉRMINO DE MATERIA | |
| 9 (RLIN) | 28373 |
| Término de materia o nombre geográfico como elemento inicial | Estados Unidos |
| 653 10 - TÉRMINO DE INDEXACIÓN--NO CONTROLADO | |
| Término no controlado | Condiciones económicas |
| 700 1# - ENCABEZAMIENTO SECUNDARIO--NOMBRE PERSONAL | |
| 9 (RLIN) | 36827 |
| Nombre de persona | Meier, Stephan |
| 700 1# - ENCABEZAMIENTO SECUNDARIO--NOMBRE PERSONAL | |
| 9 (RLIN) | 36828 |
| Nombre de persona | Wang, Stephanie W. |
| 773 0# - ENTRADA DE DOCUMENTO FUENTE | |
| Itemnumber del ítem fuente | 84265 |
| Lugar, editor y fecha de publicación | Nashville (Broadway, 2014, Suite 305, TN 37293) American Economic Association |
| Otro identificador del documento | 087167 |
| Título | The American economic review |
| Número de control del registro relacionado | (ES-MaCES)25404 |
| Parte(s) relacionada(s) | vol. 106, no. 2 (Feb. 2016) {10394 R. 087167} ;p. 260-284 |
| 902 ## - CES. TIPO DE DOCUMENTO | |
| Tipodoc (006$c Sirtex) | ART Artículo de revista |
| 942 ## - ELEMENTOS KOHA | |
| Fuente de clasificaión o esquema | Clasificación propia del CES |
| Koha [por defecto] tipo de item | Artículos (1982-2017) |
| Parte de clasificación | Economía |
No hay ítems disponibles.
